Responses for Show #2464 - Thursday, April 27, 1995

Contestants

[<< previous game]

Gregg Rossen, a writer originally from Moraga, California

Larry Eilenberg, a professor from Burlingame, California

Bill Schantz, a software support manager originally from Glen Ullin, North Dakota (whose 1-day cash winnings total $8,099)

[next game >>]

Jeopardy! Round responses

INSECTS
FAIRY TALES
NAMES
THE AMERICAN WEST
FASHION HISTORY
STARTS & ENDS WITH "N"
    $100 7
locusts

Bill
    $100 2
mirror

Bill
    $100 21
John

Bill
    $100 26
New Mexico

Larry
    $100 16
slippers

Bill
    $100 1
napkin

Gregg
    $200 8
drone

Gregg
    $200 3
Cinderella

Bill
    $200 22
Martha

Larry
    $200 27
Arizona

Bill
    $200 17
(Bill: What is a veil?)

mask

Bill
Triple Stumper
    $200 12
noggin

Bill
    $300 9
tsetse flies

Gregg
    $300 4
cow

Bill
    $300 23
Edinburgh

Bill
    $300 28
sand painting

Gregg
    $300 18
(Gregg: What is the Museum of Modern Art?)

Metropolitan Museum of Art

BillGregg
    $300 13
nickelodeon

Bill
    $400 10
praying mantis

Bill
    $400 5
Rumpelstiltskin

Gregg
    $400 24
Welsh

Bill
    $400 29
Book of Mormon

Bill
    $400 19
lace

Bill
    $400 14
Norsemen

Gregg
    $500 11
aphid

Gregg
    $500 6
(Larry: What were the king's clothes?)

the emperor's new clothes

BillLarry
    $500 25
Eudora

Larry
    $1,400 30
San Antonio

Bill
    $500 20
Empire style

Larry
    $500 15
niacin

Bill

Scores at the first commercial break (after clue 15):

Bill Larry Gregg
$2,600 -$500 $1,900

Scores at the end of the Jeopardy! Round:

Bill Larry Gregg
$6,000 $800 $1,900

Double Jeopardy! Round responses

HISTORY
INVENTORS
VIOLINISTS
FURNITURE
ISLANDS
LITERATURE
    $200 8
Japan

Bill
    $200 22
carpet sweeper

Bill
    $200 19
Arthur Fiedler

Larry
    $200 15
bed

Bill
    $200 2
Cuba

Gregg
    $200 1
James Bond

Gregg
    $400 9
Switzerland

Gregg
    $400 23
Marconi

Bill
    $400 20
Ravi Shankar

Bill
    $400 17
Frank Lloyd Wright

Larry
    $400 3
Atlantic Ocean

Gregg
    $400 7
Kunta Kinte

Gregg
    $600 10
Peking Man

Bill
    $600 24
Buckminster Fuller

Bill
    $600 21
jazz

Triple Stumper
    $600 18
(Bill: What is a stool?)
(Gregg: What is a chair?)

table

BillLarryGregg
    $600 4
St. Kitts

Bill
    $1,500 12
Fahrenheit 451

Larry
    $800 11
Romanov

Larry
    $800 25
Macintosh

Gregg
    $1,000 29
[Larry pronounced "Itzhak" as "Yitzhak", which was accepted without correction.]

Itzhak Perlman

Larry
    $800 27
safe

Gregg
    $800 5
Majorca

Gregg
    $800 13
Mickey Spillane

Larry
    $1000 16
Denmark

Larry
    $1000 26
Lumiere

Gregg
    $1000 30
Paganini

Bill
    $1000 28
Peacock Throne

Larry
    $1000 6
Orkney Islands

Gregg
    $1000 14
The Hustler

Larry

Scores at the end of the Double Jeopardy! Round:

Bill Larry Gregg
$9,600 $9,100 $7,300

[wagering suggestions for these scores]

Final Jeopardy! Round responses

WORLD CAPITALS
GreggWhat is Mexico City?
$100
LarryWhat is Buenos Aires?
$501
BillWhat is Buenos Aires
$8,601
Santiago, Chile

Final scores:

Bill Larry Gregg
$999 $8,599 $7,200
3rd place: Amana Soft-Sound dishwasher New champion: $8,599 2nd place: Lloyd Flanders patio furniture & Ducane 2002S gas grill

Game dynamics:

Coryat scores:

Bill Larry Gregg
$8,700 $8,000 $7,300
27 R
(including 1 DD),
2 W
14 R
(including 2 DDs),
1 W
17 R,
2 W

Combined Coryat: $24,000

[game clues] [game scores] [suggest correction]

Game tape date: 1995-01-11
The J! Archive is created by fans, for fans. Scraping, republication, monetization, and malicious use prohibited; this site may use cookies and collect identifying information. See terms. The Jeopardy! game show and all elements thereof, including but not limited to copyright and trademark thereto, are the property of Jeopardy Productions, Inc. and are protected under law. This website is not affiliated with, sponsored by, or operated by Jeopardy Productions, Inc. Join the discussion at JBoard.tv.